000 00543nam a22001577a 4500
003 OSt
005 20151208135558.0
008 151208b xxu||||| |||| 00| 0 eng d
040 _cRUA
082 _aATM ពិន​ 1994 B191 Or.1
100 _94526
_aពិន ឌីណា
245 _aគំរោងសិក្សាអំពីឧបករណ៍ដែលត្រូវប្រើប្រាស់ក្នុងចំការកៅស៊ូ
260 _aPhnom Penh
_bRUA
_c1994
300 _a83p.
_bill.
_c29cm.
942 _2ddc
_cATM
999 _c4217
_d4217